| 000 | 00590nam a2200181Ia 4500 | ||
|---|---|---|---|
| 003 | IN-BaIIA | ||
| 008 | 211028s9999 xx 000 0 eng d | ||
| 040 | _cIIA Library | ||
| 080 |
_a083:539.19 _bDAV |
||
| 100 |
_aDavis, S. P. _99866 |
||
| 245 | 4 |
_aThe red system (A2pi-X2sigma)of the CN molecule _cS. P. Davis and J. G. Phillips |
|
| 260 |
_aBerkeley _bUniversity of California Press _c1963 |
||
| 300 | _a214p. | ||
| 650 |
_aCyanides - spectra _99867 |
||
| 650 |
_aMolecular spectra _91778 |
||
| 700 |
_aPhillips, J. G. _99868 |
||
| 942 | _cBK | ||
| 999 |
_c5691 _d5691 |
||